Statistics for Guess the Taylor Swift Song (no hints) 89

Click here to take the quiz!

General Stats

  • This quiz has been taken 67 times
  • The average score is 197 of 250

Answer Stats

Answer% Correct
I
100%
You
98%
you
98%
a
95%
the
95%
and
92%
And
92%
be
92%
me
92%
I'm
89%
In
89%
in
89%
to
89%
were
89%
(What
89%
What
89%
its
87%
it's
87%
my
87%
No
87%
been,
84%
been
84%
been)
84%
don't
84%
just
83%
So
83%
time
83%
more
81%
never
81%
not
81%
should've
81%
all
79%
could've
79%
(Could've
79%
I'll
79%
I've
79%
with
79%
would've
79%
than
78%
say
76%
short
76%
whole
76%
about
75%
bigger
75%
Did
75%
gonna
75%
got
75%
sky
75%
goodbye,
73%
goodbye
73%
Goodbye,
73%
didn't
71%
live
71%
out
71%
into
70%
some
70%
Every
68%
lot
68%
now,
68%
thing
68%
without
68%
because
67%
'Cause
67%
eyes
67%
meet
67%
has
65%
over
65%
over,
65%
take
65%
aftermath
62%
single
62%
pray?
60%
words
60%
Asia?
59%
appear
57%
before
57%
bird
57%
force
57%
pine
57%
come
56%
ears
56%
meant
56%
sadness
56%
touch
56%
flap
54%
turned
54%
wings
54%
believe
52%
ashes
51%
becomes
51%
Salt
51%
sick
51%
sea
48%
streams
48%

Score Distribution

Percentile by Number Answered

Percent of People with Each Score

Your Score History

You have not taken this quiz